Southville International School and Colleges
Your cart is empty.
  • Cart
  • Lists
    Public lists Eva Luna New books Lux_list list_1
    Your lists Log in to create your own lists
  • Log in to your account
  • Your cookies
  • Search history
Southville International School and Colleges
  • Advanced search
  • Recent comments
  • Most popular
  • Libraries

Log in to your account

Log in with GOOGLE


If you do not have an external account, but do have a local account, you can still log in:

  1. Home
  2. MARC view: Human geography:
Normal view MARC view ISBD view

Human geography: (Record no. 362838)

[ view plain ]
MARC details
000 -LEADER
fixed length control field 00468nam a2200157Ia 4500
008 - FIXED-LENGTH DATA ELEMENTS--GENERAL INFORMATION
fixed length control field 191206s9999 xx 000 0 und d
020 ## - INTERNATIONAL STANDARD BOOK NUMBER
International Standard Book Number 9781260566055
100 ## - MAIN ENTRY--PERSONAL NAME
Personal name Bjelland, Mark
245 ## - TITLE STATEMENT
Statement of responsibility, etc Mark Bjelland
Title Human geography:
Remainder of title landscapes of human activities/
250 ## - EDITION STATEMENT
Edition statement 13th ed.
260 ## - PUBLICATION, DISTRIBUTION, ETC. (IMPRINT)
Place of publication, distribution, etc NY:
Name of publisher, distributor, etc McGrawHill Education
Date of publication, distribution, etc 2020
300 ## - PHYSICAL DESCRIPTION
Extent xv, 510 p. ;
Other physical details col. ill. :
Dimensions 28 cm.
500 ## - GENERAL NOTE
General note Includes index
650 ## - SUBJECT ADDED ENTRY--TOPICAL TERM
Topical term or geographic name as entry element Human ecology
650 ## - SUBJECT ADDED ENTRY--TOPICAL TERM
Topical term or geographic name as entry element Human geography
Holdings
Withdrawn status Lost status Damaged status Home library Current library Shelving location Date acquired Source of acquisition Total Checkouts Full call number Barcode Date last seen Price effective from Koha item type
      Luxembourg Library Luxembourg Library High School Section 12/06/2019     GF 41 .B262 2020 20891 12/07/2019 12/06/2019 Books

Human geography:

APA

Bjelland M., . (2020). Human geography. NY: McGrawHill Education.

Chicago

Bjelland Mark, . 2020. Human geography. NY: McGrawHill Education.

Harvard

Bjelland M., . (2020). Human geography. NY: McGrawHill Education.

MLA

Bjelland Mark, . Human geography. NY: McGrawHill Education. 2020.

  • Place hold
  • Print
  • Cite
  • Add to your cart (remove)
  • Save record
    BIBTEX Dublin Core MARCXML MARC (non-Unicode/MARC-8) MARC (Unicode/UTF-8) MARC (Unicode/UTF-8, Standard) MODS (XML) RIS
  • More searches
    Search for this title in:
    Other Libraries (WorldCat) Other Databases (Google Scholar) Online Stores (Bookfinder.com) Open Library (openlibrary.org)

Exporting to Dublin Core...

SOUTHVILLE LIBRARY

Southville International School and Colleges Library

1281 Tropical Ave. Cor. Luxembourg St., BF Homes International, Las Pinas City

Tel. No. 8256374 / 252358 Loc. 117/146

Powered by Koha